000 00918cam a2200277 i 4500
001 17657960
003 EG-ScBUE
005 20260414134347.0
008 130313s2013 nyua f b f001 0 eng d
020 _a9780521769419 (hardback)
040 _aDLC
_beng
_erda
_cDLC
_dEG-ScBUE
082 0 4 _a573.860113
_222
_bRAO
100 1 _aRao, Rajesh P. N.,
_eauthor.
_938814
245 1 0 _aBrain-computer interfacing :
_ban introduction /
_cRajesh P. N. Rao.
264 1 _aNew York :
_bCambridge University Press,
_c2013.
300 _axv, 319 pages :
_billustrations (some color) ;
_c27 cm
336 _2rdacontent
_atext
_btxt
337 _2rdamedia
_aunmediated
_bn
338 _2rdacarrier
_avolume
_bnc
504 _aIncludes bibliographical references and index.
650 7 _aBrain-computer interfaces.
_2BUEsh
651 _2BUEsh
653 _bCOMSCI
_cDecember2015
655 _vReading book
942 _2ddc
_cBB
999 _c20525
_d20497